Vector mechanics for engineers (Record no. 4856)

000 -LEADER
fixed length control field 00594nam a2200217 a 4500
001 - CONTROL NUMBER
control field 4856
003 - CONTROL NUMBER IDENTIFIER
control field BD-DhUET
008 - FIXED-LENGTH DATA ELEMENTS--GENERAL INFORMATION
fixed length control field 840307s1984 nyua 001 0 eng
020 ## - INTERNATIONAL STANDARD BOOK NUMBER
International Standard Book Number 0070044384
040 ## - CATALOGING SOURCE
Original cataloging agency DLC
Transcribing agency DLC
Modifying agency BD-DhUET
082 00 - DEWEY DECIMAL CLASSIFICATION NUMBER
Classification number 620.1
Item number BEE/1984
100 ## - MAIN ENTRY--PERSONAL NAME
Personal name Beer, Ferdinand P.
245 10 - TITLE STATEMENT
Title Vector mechanics for engineers
Remainder of title statics and dynamics
250 ## - EDITION STATEMENT
Edition statement 4th ed.
260 ## - PUBLICATION, DISTRIBUTION, ETC. (IMPRINT)
Place of publication, distribution, etc. New York
Name of publisher, distributor, etc. McGraw-Hill
Date of publication, distribution, etc. 1984
300 ## - PHYSICAL DESCRIPTION
Extent xxi, 926 p.
Other physical details ill.
Dimensions 24 cm.
504 ## - BIBLIOGRAPHY, ETC. NOTE
Bibliography, etc Includes bibliographies
650 #0 - SUBJECT ADDED ENTRY--TOPICAL TERM
Topical term or geographic name as entry element Engineering instruments
700 1# - ADDED ENTRY--PERSONAL NAME
Personal name Johnston, E. Russell
942 ## - ADDED ENTRY ELEMENTS (KOHA)
Koha item type General Book
Holdings
Koha item type Koha issues (times borrowed) Copy number Not for loan Koha full call number Withdrawn status Lost status Date acquired Location (home branch) Koha normalized classification for sorting Source of classification or shelving scheme Shelving location Damaged status Koha date last seen Sublocation or collection (holding branch) Piece designation (barcode) Price effective from Koha date last borrowed
General Book 1 620.1/BEE/1984  2014-11-23Central Library, BUET620_100000000000000_BEE_1984 Circulation section 2015-12-08Central Library, BUET660512014-11-23 
General Book21 620.1/BEE/1984  2014-11-24Central Library, BUET620_000000000000000_1BEE1984 Circulation section 2022-06-20Central Library, BUET660422014-11-242022-06-12
General Book41 620.1/BEE/1984  2014-11-29Central Library, BUET620_100000000000000_BEE_1984 Circulation section 2023-06-07Central Library, BUET660862014-11-292023-01-10
General Book149 620.1 /BEE/1984  2014-12-11Central Library, BUET620_100000000000000_BEE_1984 Circulation section 2025-05-28Central Library, BUET660442014-12-112025-04-30
General Book 1 620.1/BEE/1984  2014-12-11Central Library, BUET620_100000000000000_BEE_1984 Circulation section 2015-02-23Central Library, BUET660122014-12-11 
General Book 6 620.1/BEE/1984  2015-01-19Central Library, BUET620_100000000000000_BEE_1984 Circulation section 2015-12-22Central Library, BUET660432015-01-19 
General Book17 620.1/BEE/1984  2015-02-16Central Library, BUET620_100000000000000_BEE_1984 Circulation section 2022-12-13Central Library, BUET813362015-02-162022-11-21
General Book11 620.1/BEE/1984  2015-04-01Central Library, BUET620_100000000000000_BEE_1984 Circulation section 2018-04-30Central Library, BUET660482015-04-012018-04-18
Reading Item 9 620.1/BEE/1984  2015-06-21Central Library, BUET620_100000000000000_BEE_1984 Reading section 2015-06-21Central Library, BUET660152015-06-21 
General Book 10 620.1/BEE/1984  2015-06-22Central Library, BUET620_100000000000000_BEE_1984 Reading section 2015-06-22Central Library, BUET660142015-06-22 
General Book 11 620.1/BEE/1984  2015-06-22Central Library, BUET620_100000000000000_BEE_1984 Reading section 2015-06-22Central Library, BUET660132015-06-22 
Reading Item 12 620.01/BEE/1984  2015-06-29Central Library, BUET620_010000000000000_BEE_1984 Reading section 2015-06-29Central Library, BUET660952015-06-29 
General Book 13 620.1/BEE/1984  2015-07-28Central Library, BUET620_100000000000000_BEE_1984 Circulation section 2015-07-28Central Library, BUET755022015-07-28